Follow That Line: Greedy (1994) Quiz Stats

 Plays Quiz not verified by Sporcle

Challenge
Share
Tweet
Embed
Score 0/14 Timer 06:00
0 Plays Today
% Correct
Everyone was fine. The kids, the nuns.
91.7%
Does he circle your ass?
88.9%
I'm old and I'm rich. I'll eat whatever parts I want. If I want to eat the goddamn box, I will eat the goddamn box.
86.1%
he draws another line just an inch farther and you say, ''Why not? I mean, it's just another inch. I've already come this far already.'' Then one day you look back and can't even see where you started.
86.1%
And who would that be?
83.3%
Which reminds me. Try to bring up my cousin Tina's drinking.
80.6%
I'm thinking about it.
77.8%
% Correct
The difference is Daniel said it to his face.
77.8%
he'd be dead by now.
77.8%
she touches his shriveled-up little noodle and his brains turn to frozen yogurt.
75%
Well that's our money, damn it, and no English little bitch is gonna screw us out of it.
72.2%
there'll be nothing left of him but a smile and an old hat.
72.2%
Sir, most of these rooms have old men with young girls. This is Washington.
72.2%
You didn't let me finish! Just this once, l'm going to let you off with a warning.
58.3%

You're not logged in!

Compare scores with friends on all Sporcle quizzes.
Join for Free
OR
Log In

You Might Also Like...

Show Comments

Extras

Top Quizzes Today


Score Distribution

Your Account Isn't Verified!

In order to create a playlist on Sporcle, you need to verify the email address you used during registration. Go to your Sporcle Settings to finish the process.

Report this User

Report this user for behavior that violates our Community Guidelines.

Details: